书目信息 |
| 题名: |
无缺点计划
|
|
| 作者: | ;盛继勤 译 ;日本能率协会 编 | |
| 分册: | ||
| 出版信息: | 北京 工人出版社 1980 |
|
| 页数: | 139页 | |
| 开本: | 19cm | |
| 丛书名: | ||
| 单 册: | ||
| 中图分类: | F272.2 | |
| 科图分类: | ||
| 主题词: | 计划管理:企业经管理 , 企业经管理:计划管理 | |
| 电子资源: | ||
| ISBN: | ||
| 000 | 00705nam0 2200253 45 | |
| 001 | 0180002712 | |
| 005 | 20060802085639.85 | |
| 010 | @dCNY0.40 | |
| 091 | @aCN@b4007.1 | |
| 100 | @a19950316d1980 em y0chiy0121 ea | |
| 101 | 1 | @achi@cjpn |
| 102 | @aCN@b110000 | |
| 105 | @ay z 000yy | |
| 200 | 10 | @a无缺点计划@Awu que dian ji hua@f日本能率协会编@g盛继勤译 |
| 210 | @a北京@c工人出版社@d1980 | |
| 215 | @a139页@d19cm | |
| 606 | @a计划管理:企业经管理 | |
| 606 | @a企业经管理:计划管理 | |
| 690 | @aF272.2@v3 | |
| 702 | 0 | @a盛继勤@Asheng ji qin@4译 |
| 711 | 02 | @a日本能率协会@Ari ben neng lu xie hui@4编 |
| 801 | 2 | @aCN@bNLC@c20060802 |
| 801 | 0 | @aCN@bTSSF@c20060801 |
| 905 | @a10447@dF272.2@e232 | |
| 无缺点计划/日本能率协会编/盛继勤译.-北京:工人出版社,1980 |
| 139页;19cm |
| ISBN :CNY0.40 |
| ● |
| 相关链接 |
|
|
|
|
正题名:无缺点计划
索取号:F272.2/232
 
预约/预借
| 序号 | 登录号 | 条形码 | 馆藏地/架位号 | 状态 | 备注 |
| 1 | 0424675 | 204246752 | 密集书库/ [索取号:F272.2/232] | 在馆 | |
| 2 | 0441310 | 204413107 | 密集书库/ [索取号:F272.2/232] | 在馆 | |
| 3 | 0441689 | 204416890 | 密集书库/ [索取号:F272.2/232] | 在馆 |